[Event "SRB-chT 2nd League East"]
[Site "Knic"]
[Date "2019.09.07"]
[Round "3.7"]
[White "Marjanovic, Miroslav"]
[Black "Petrovic, Grade"]
[Result "1-0"]
[WhiteElo "2092"]
[BlackElo "2011"]
[PlyCount "81"]
[EventDate "2019.09.06"]
[EventType "team-tourn"]
[EventRounds "11"]
[EventCountry "SRB"]
[SourceTitle "EXT 2020"]
[Source "ChessBase"]
[SourceDate "2019.10.17"]
[SourceVersion "1"]
[SourceVersionDate "2019.10.17"]
[SourceQuality "1"]
[WhiteTeam "Kursumlija"]
[BlackTeam "Leskovac Glubocica"]
[WhiteTeamCountry "SRB"]
[BlackTeamCountry "SRB"]

1. e4 c6 2. d4 d5 3. Nd2 dxe4 4. Nxe4 Nf6 5. Nxf6+ gxf6 6. Be3 Bf5 7. c3 e6 8. Bd3 Bxd3 9. Qxd3 Qd5 10. f3 Nd7 11. Ne2 Ne5 12. Qc2 Nxf3+ 13. gxf3 Qxf3 14. Kd2 0-0-0 15. Raf1 Qd5 16. Qb3 Qe4 17. Ng3 Qg2+ 18. Rf2 Qh3 19. Rxf6 Rd7 20. Kc1 Rg8 21. Qd1 Bd6 22. Qh5 Qxh5 23. Nxh5 Rg2 24. Rf2 Rxf2 25. Bxf2 e5 26. Nf6 Rd8 27. Ne4 exd4 28. Nxd6+ Rxd6 29. Bxd4 Rh6 30. Bxa7 f5 31. Rd1 b5 32. Rd2 f4 33. Bd4 Rh5 34. b4 f3 35. Rf2 Kd7 36. Kd2 Ke6 37. Ke3 Rh3 38. Kf4 h5 39. Ke4 Kd6 40. Be5+ Ke6 41. Bg3 1-0

[Event "SRB-chT2 South"]
[Site "Nis"]
[Date "2013.10.19"]
[Round "5.2"]
[White "Petrovic, Grade"]
[Black "Velickovic, Slobodan"]
[Result "1/2-1/2"]
[WhiteElo "2112"]
[BlackElo "2094"]
[PlyCount "125"]
[EventDate "2013.10.17"]
[EventType "team-swiss"]
[EventRounds "8"]
[EventCountry "SRB"]
[SourceTitle "EXT 2014"]
[Source "ChessBase"]
[SourceDate "2013.11.20"]
[SourceVersion "1"]
[SourceVersionDate "2013.11.20"]
[SourceQuality "1"]

1. d4 Nf6 2. Nf3 g6 3. c4 Bg7 4. Nc3 0-0 5. e4 d6 6. h3 c6 7. Be2 Nbd7 8. 0-0 Qc7 9. Rb1 e5 10. Be3 Re8 11. d5 c5 12. b4 cxb4 13. Rxb4 Nc5 14. Qc2 Bd7 15. Rfb1 b6 16. Nd2 Nb7 17. a4 Na5 18. Nb3 Rab8 19. Nxa5 bxa5 20. Rxb8 Rxb8 21. Rxb8+ Qxb8 22. Bd3 a6 23. c5 dxc5 24. Bxc5 Qc7 25. Ba3 Qa7 26. Ne2 Bf8 27. Bxf8 Kxf8 28. Qc4 Ne8 29. Qc3 Qc7 30. Bxa6 Bxa4 31. Qa3+ Qd6 32. Qd3 Qb4 33. f4 Nd6 34. fxe5 Nxe4 35. Qc4 Qb1+ 36. Qc1 Qb6+ 37. Kh2 Qxa6 38. Nd4 Bd7 39. Qf4 f5 40. d6 Qc4 41. Qh6+ Kg8 42. Nf3 Qc3 43. h4 Nf2 44. Qg5 Ng4+ 45. Kg3 f4+ 46. Qxf4 Qe3 47. Qxe3 Nxe3 48. Ng5 Nf5+ 49. Kf2 Nd4 50. Ne4 Ne6 51. Ke3 Bc6 52. Nf6+ Kg7 53. g4 h6 54. h5 gxh5 55. gxh5 a4 56. Kd2 Kf7 57. Ng4 Kg7 58. Kc3 Nf8 59. Kb4 Nd7 60. e6 Nf6 61. d7 Nxd7 62. exd7 Bxd7 63. Nxh6 1/2-1/2

[Event "SRB-chT2 East"]
[Site "Serbia"]
[Date "2010.09.12"]
[Round "1"]
[White "Petrovic, Grade"]
[Black "Stojkovic, Zoran"]
[Result "1-0"]
[WhiteElo "2123"]
[BlackElo "2079"]
[PlyCount "144"]
[EventDate "2010.09.11"]
[EventType "team"]
[EventRounds "11"]
[EventCountry "SRB"]
[SourceTitle "EXT 2012"]
[Source "ChessBase"]
[SourceDate "2011.11.24"]
[SourceVersion "1"]
[SourceVersionDate "2011.11.24"]
[SourceQuality "1"]

1. d4 d6 2. Nf3 Nf6 3. c4 Nbd7 4. Nc3 e5 5. g3 c6 6. Bg2 Be7 7. 0-0 0-0 8. d5 Qa5 9. dxc6 bxc6 10. Nd2 Bb7 11. a3 Rac8 12. b4 Qb6 13. Nb3 Qc7 14. Be3 Ba6 15. Na5 Nb8 16. Qa4 Ng4 17. Bd2 Qb6 18. h3 Nf6 19. Be3 Qc7 20. Rac1 Qd7 21. b5 cxb5 22. cxb5 Rxc3 23. Rxc3 Bxb5 24. Qc2 Bd8 25. Nb7 Be7 26. Rc7 Qe6 27. Rb1 a6 28. a4 Bd7 29. Ba7 d5 30. Bxb8 Rxb8 31. Nc5 Rxb1+ 32. Qxb1 Bxc5 33. Rxc5 Bxa4 34. Qb8+ Be8 35. Bxd5 Qxh3 36. Bg2 Qe6 37. Rxe5 Qd7 38. Bf3 g6 39. Qb6 Kg7 40. Qxa6 Qd4 41. Qa5 Bd7 42. Re7 Bh3 43. Qe1 h5 44. e3 Qc5 45. Rb7 h4 46. Kh2 Bc8 47. Rb2 Qf5 48. Qd1 hxg3+ 49. fxg3 Qh3+ 50. Kg1 Qxg3+ 51. Rg2 Qe5 52. Qd4 Qa5 53. Rf2 Qg5+ 54. Bg2 Bf5 55. Qf4 Qxf4 56. Rxf4 Kh6 57. Bf3 Kg5 58. Ra4 Bg4 59. Bc6 Nh5 60. e4 Ng3 61. Kf2 Ne2 62. Ke3 f5 63. Ra5 Ng3 64. e5 f4+ 65. Kf2 Be6 66. Bg2 Bg4 67. Bd5 Nh5 68. Ra3 f3 69. Ra7 Nf4 70. Bc4 Kf5 71. Ke3 Nh3 72. e6 g5 1-0